00891nam a22002417a 450000500170000000800410001702000180005804000270007604100080010304400070011108200160011810000260013424500420016026002910020230000300049365000240052365000210054765000120056865000100058065000190059065000100060965000300061920200104041802.0180110b2014 mx ||||| |||| 00| 0 spa d a9786070260407 aCO-BoIAVH cCO-BoIAVH  aspa amx a305.4bI31c aImaiz Gispert, Mireya10aCambio climático mirada de género aMéxico:bUniversidad Nacional Autónoma de México, Programa Universitario de Medio Ambiente, Programa de Investigación en Cambio Climático, Centro de Investigaciones Interdiciplinarias en Ciencias y HumanidadesbPrograma de las Naciones Unidas para el Desarrollo, (PNUD)c2014. a255. páginasc23 x 17cm14aCambio climático 14aRecurso hidrico 14aBosques14aAgua 14aAlimentación14aSalud14aGéneroxParticipación